000 00474 a2200217 4500
260 _aParis
100 _aHELLER, R.
260 _bMasson
245 _aTome 2 : nutrition et métabolisme
300 _a580p.
650 _abiologie végétale
650 _anutrition
300 _bIll.
440 _aBiologie vegétale
260 _c1969
130 _lFr
440 _aPrécis de sciences biologiques
690 _ametabolisme
999 _c25728
_d25728